| 000 | 00000nam##2200000za#4500 |
| 001 | 9.625288 |
| 003 | CaOODSP |
| 005 | 20200327182742 |
| 007 | ta |
| 008 | 150406|2001||||xxc||||| f|0| 0 fre|d |
| 020 | |a0-662-84596-X |
| 040 | |aCaOODSP|bfre |
| 043 | |an-cn--- |
| 086 | 1 |aMP22-20/1-2001F |
| 110 | 1 |aCanada. |bCitoyenneté et immigration Canada. |
| 245 | 10|aProfil comparatif des nouveaux immigrants du Canada d'après le recensement de 1996 / |cPréparé par Informetrica Limited. |
| 260 | |aOttawa - Ontario : |bCitoyenneté et Immigration Canada |c2001. |
| 300 | |axvii, 110p. : |bgraphiques, tableaux ; |c28 cm. |
| 490 | 1 |aNouveaux immigrants des régions métropolitaines |
| 500 | |a«La présente étude dresse le profil nouveaux immigrants-personnes ayant immigré ("obtenu le droit d'établissement") après 1980-qui vivaient au Canada lors du recensement de la population de 1996. On y trouvera des données, tirées du recensement, sur l'origine et les antécédents des immigrants, la structure familiale et des ménages, la participation à la vie économique, le revenu et le logement.»--Avant-propos. |
| 563 | |aReliure à spirale |
| 590 | |a02-09|b2002-03-01 |
| 691 | 07|aStatistiques|2gcpds |
| 691 | 07|aImmigrant|2gcpds |
| 691 | 07|aRecensement|2gcpds |
| 691 | 07|aCommunauté urbaine|2gcpds |
| 775 | 08|tCanada's recent immigrants: a comparative portrait based on the 1996 Census / |w(CaOODSP)9.615146 |
| 776 | 0#|tProfil comparatif des nouveaux immigrants du Canada : |w(CaOODSP)9.605779 |
| 830 | #0|aNouveaux immigrants des régions métropolitaines.|w(CaOODSP)9.513144 |